ARRUPE JESUIT UNIVERSITY

CORONAVIRUS -STOP THE SPREAD - CLEAN,DISINFECT,COVER

Injustice, Inequality and ethics (Record no. 2405)

MARC details
000 -LEADER
fixed length control field 00503nam a2200193Ia 4500
003 - CONTROL NUMBER IDENTIFIER
control field 0100
008 - FIXED-LENGTH DATA ELEMENTS--GENERAL INFORMATION
fixed length control field 130227s9999 xx 000 0 und d
040 ## - CATALOGING SOURCE
Transcribing agency ARRUPELIB
050 ## - LIBRARY OF CONGRESS CALL NUMBER
Classification number HM216.B17 1982
100 ## - MAIN ENTRY--PERSONAL NAME
Personal name Barrow, Robin
245 ## - TITLE STATEMENT
Title Injustice, Inequality and ethics
245 ## - TITLE STATEMENT
Remainder of title a philosophical introduction to moral problems
260 ## - PUBLICATION, DISTRIBUTION, ETC. (IMPRINT)
Name of publisher, distributor, etc Barnes and Noble Books
260 ## - PUBLICATION, DISTRIBUTION, ETC. (IMPRINT)
-- 1982
300 ## - PHYSICAL DESCRIPTION
Extent 204p.
300 ## - PHYSICAL DESCRIPTION
Other physical details 22cm.
650 ## - SUBJECT ADDED ENTRY--TOPICAL TERM
Topical term following geographic name as entry element Humanism--20th century--Addresses
942 ## - ADDED ENTRY ELEMENTS (KOHA)
Source of classification or shelving scheme Library of Congress Classification
Koha issues (borrowed), all copies 7
Holdings
Withdrawn status Lost status Source of classification or shelving scheme Damaged status Not for loan Collection code Home library Current library Shelving location Date acquired Total Checkouts Full call number Barcode Date last seen Date last borrowed Copy number Price effective from Koha item type
    Library of Congress Classification     Main Collection ARRUPE LIBRARY ARRUPE LIBRARY   27/02/2013 12 HM216.B17 1982 46403216 10/04/2019 26/03/2019 1 27/02/2013 Monograph ( Printed materials)

 

Arrupe Library. PO Box MP320 Mt Pleasant, Harare, Zimbabwe
263 242 745411|librarian@aju.ac.zw